000 00318nam a22001457a 4500
008 211011b ||||| |||| 00| 0 eng d
020 _a0155272810
041 _aeng
080 _a821
082 _a821
100 _a21
101 _aGJL
245 _aFiction as Experience An Anthology
_cHowe,I
942 _2udc
_cBK
999 _c58135
_d58135